000 00364 a2200157 4500
001 75522
020 _a9788576833963
040 _cAnchieta - Colégio São Paulo
100 _aZett,Sabine
240 1 0 _aO mundo genial de Hugo
_lpor
245 1 0 _aO mundo genial de Hugo
300 _a224
362 0 _a2012
650 4 _aLiteratura infanto-juvenil
942 _cBK
999 _c75522
_d75522